Концепция материального стимулирования персонала АО-энерго за внедрение энергосберегающих мероприятий и её реализация; Энергетика: экология, надежность, безопасность; Т. 1

Bibliografiske detaljer
Parent link:Энергетика: экология, надежность, безопасность: материалы докладов седьмой Всероссийской научно-технической конференции, Томск, 5-7 декабря 2001 г./ Томский политехнический университ [и др.].— , 2001-
Т. 1.— 2001.— С. 137-139
Hovedforfatter: Алексеева Т. И. Татьяна Ивановна
Andre forfattere: Литвак В. В. Валерий Владимирович
Sprog:russisk
Udgivet: 2001
Fag:
Format: MixedMaterials Book Chapter
KOHA link:https://koha.lib.tpu.ru/cgi-bin/koha/opac-detail.pl?biblionumber=81650

MARC

LEADER 00000naa2a2200000 4500
001 81650
005 20251202135331.0
035 |a (RuTPU)RU\TPU\book\87759 
090 |a 81650 
100 |a 20050922d2001 k y0rusy50 ca 
101 0 |a rus 
102 |a RU 
200 1 |a Концепция материального стимулирования персонала АО-энерго за внедрение энергосберегающих мероприятий и её реализация  |f Т. И. Алексеева, В. В. Литвак 
461 1 |0 (RuTPU)RU\TPU\book\73537  |t Энергетика: экология, надежность, безопасность  |o материалы докладов седьмой Всероссийской научно-технической конференции, Томск, 5-7 декабря 2001 г.  |o В 2 т.  |f Томский политехнический университ [и др.]  |d 2001- 
463 1 |0 (RuTPU)RU\TPU\book\73091  |t Т. 1  |v С. 137-139  |d 2001 
610 1 |a стимулирование 
610 1 |a энергосбережение 
610 1 |a материальное стимулирование 
610 1 |a труды учёных ТПУ 
700 1 |a Алексеева  |b Т. И.  |c специалист в области электроэнергетики  |c доцент Томского политехнического университета  |f 1951-  |g Татьяна Ивановна  |3 (RuTPU)RU\TPU\pers\30883 
701 1 |a Литвак  |b В. В.  |c специалист в области теплоэнергетики  |c профессор Томского политехнического университета, доктор технических наук  |f 1940-  |g Валерий Владимирович  |3 (RuTPU)RU\TPU\pers\25676  |9 11587 
801 1 |a RU  |b 63413507  |c 20050922  |g PSBO 
801 2 |a RU  |b 63413507  |c 20140227  |g RCR 
942 |c BK